000 00667nam a22002177a 4500
001 8963
003 BD-RjUL
005 20211208234705.0
008 140120r19901984ii db||| |||| 001 0 eng d
035 _a(BD-RjUL)9008
040 _aBD-RjUL
_beng
_cBD-RjUL
041 _aeng
082 0 4 _a333.7923
_bSUS 1984
_223
100 1 _aSukhatme, S.P
_927830
245 1 0 _aSolar Energy :
_bprinciples of thermal collection and storage /
_c S.P Sukhatme
260 _aNew Delhi :
_bTata McGraw-Hill ,
_cc1984 [Reprinted 1990, 1991, 1994]
300 _avii, 269 p. ;
_c21 cm.
500 _aIncludes Index
650 0 _aSolar energy
_927831
_xMathematical models.
942 _2ddc
_cBK
999 _c8963
_d8963